<?xml version="1.0" encoding="UTF-8"?>
<record
    xmlns:xsi="http://www.w3.org/2001/XMLSchema-instance"
    xsi:schemaLocation="http://www.loc.gov/MARC21/slim http://www.loc.gov/standards/marcxml/schema/MARC21slim.xsd"
    xmlns="http://www.loc.gov/MARC21/slim">

  <leader>04745nam a2200445 a 4500</leader>
  <controlfield tag="003">CHAP</controlfield>
  <controlfield tag="005">20241011124201.0</controlfield>
  <controlfield tag="007">cr ||||||a|c|a</controlfield>
  <controlfield tag="008">101123s2010    mx      r     00010 spa d</controlfield>
  <datafield tag="035" ind1=" " ind2=" ">
    <subfield code="a">111574</subfield>
  </datafield>
  <datafield tag="040" ind1=" " ind2=" ">
    <subfield code="c">CHAP</subfield>
  </datafield>
  <datafield tag="090" ind1=" " ind2=" ">
    <subfield code="a">Tesis</subfield>
  </datafield>
  <datafield tag="100" ind1="1" ind2=" ">
    <subfield code="a">Res&#xE9;ndiz Melgar, Rodolfo Clemente.</subfield>
    <subfield code="9">96139</subfield>
  </datafield>
  <datafield tag="245" ind1="1" ind2="0">
    <subfield code="a">Evaluaci&#xF3;n agron&#xF3;mica de variedades de chile morr&#xF3;n manejadas con diferentes tipos de poda y densidades de poblaci&#xF3;n</subfield>
    <subfield code="c">/por Rodolfo Clemente Res&#xE9;ndiz Melgar; director de tesis Esa&#xFA; del Carmen Moreno P&#xE9;rez.</subfield>
  </datafield>
  <datafield tag="264" ind1=" " ind2="1">
    <subfield code="a">Chapingo, M&#xE9;x. :</subfield>
    <subfield code="b">El autor,</subfield>
    <subfield code="c">2010.</subfield>
  </datafield>
  <datafield tag="300" ind1=" " ind2=" ">
    <subfield code="a">1 recurso en l&#xED;nea (99 p&#xE1;ginas).</subfield>
    <subfield code="b">cuadros, figuras.</subfield>
  </datafield>
  <datafield tag="336" ind1=" " ind2=" ">
    <subfield code="2">rdacontent</subfield>
    <subfield code="a">texto</subfield>
    <subfield code="b">txt</subfield>
  </datafield>
  <datafield tag="337" ind1=" " ind2=" ">
    <subfield code="2">rdamedia</subfield>
    <subfield code="a">computadora</subfield>
    <subfield code="b">c</subfield>
  </datafield>
  <datafield tag="338" ind1=" " ind2=" ">
    <subfield code="2">rdacarrier</subfield>
    <subfield code="a">recursos en l&#xED;nea</subfield>
    <subfield code="b">cr</subfield>
  </datafield>
  <datafield tag="502" ind1=" " ind2=" ">
    <subfield code="b">DCH</subfield>
    <subfield code="c">Fitotecnia</subfield>
    <subfield code="d">2010.</subfield>
    <subfield code="g">DOC</subfield>
  </datafield>
  <datafield tag="520" ind1=" " ind2=" ">
    <subfield code="a">El cultivo en invernadero de chile morr&#xF3;n (Capsicum annuum, L.) se basa en los sistemas de producci&#xF3;n con podas tipo &#x201C;V&#x201D; u holand&#xE9;s (con plantas conducidas a dos tallos) y el espa&#xF1;ol (libre crecimiento), con rendimientos de hasta 27 kg m-2 a&#xF1;o-1 en sistemas de muy alta tecnolog&#xED;a de invernadero y 7 kg m-2 a&#xF1;o-1 respectivamente con menor tecnolog&#xED;a. La densidad utilizada es de hasta 4 plantas&#xB7;m-2 . El objetivo del estudi&#xF3; fue desarrollar un sistema de producci&#xF3;n de chile morr&#xF3;n en invernadero alternativo, adecuado a las condiciones de clima y tipo de productores en M&#xE9;xico. El sistema se
basa en la combinaci&#xF3;n de despunte temprano de los puntos de crecimiento de la planta para aprovechar el primer flujo productivo, combinado con altas densidades de poblaci&#xF3;n para aumentar la productividad anual. En la Universidad Aut&#xF3;noma Chapingo se hicieron tres experimentos en chile morr&#xF3;n, en un invernadero con cubierta de polietileno y sistema hidrop&#xF3;nico, en bancales con sustrato de tezontle. En el primer experimento se compar&#xF3; agron&#xF3;micamente 17
variedades manejadas con despunte a la cuarta bifurcaci&#xF3;n en dos densidades de siembra (4 y 6 plantas m-2 de superficie &#xFA;til). El dise&#xF1;o experimental fue bloques completos al azar con cuatro repeticiones con arreglo de parcelas divididas. No
hubo diferencias en el rendimiento por &#xE1;rea entre densidades; las mejores variedades fueron Ori&#xF3;n y Triple Star con 7.6 y 7.3 kg m-2, respectivamente, en un ciclo de 4 meses desde trasplante a cosecha de frutos maduros. En un segundo
experimento se evaluaron distintos sistemas de producci&#xF3;n y densidades de poblaci&#xF3;n en dos variedades. Los sistemas evaluados fueron: poda en &#x201C;V&#x201D; con densidad de 2 plantas m-2, el espa&#xF1;ol con 4 plantas m-2 y los sistemas de despunte a la tercera y cuarta bifurcaci&#xF3;n, estos &#xFA;ltimos con 8, 10 y 12 plantas m-2 de superficie &#xFA;til. En todos los sistemas las variedades utilizadas fueron Ori&#xF3;n y Triple Star. En los sistemas de despunte temprano se evalu&#xF3; adem&#xE1;s, el efecto de dejar o eliminar el fruto de la primera bifurcaci&#xF3;n. El despunte a la cuarta bifurcaci&#xF3;n con la variedad Ori&#xF3;n con una densidad de 8 plantas m-2 fue el mejor tratamiento con rendimiento de 11 kg m-2 en un tiempo de 4 meses de trasplante a fin de cosecha. En el tercer experimento se busc&#xF3; la mayor edad de trasplante para disminuir el ciclo del culto sin que se afectara el rendimiento, para lo cual se trasplantaron pl&#xE1;ntulas de 37, 51, 65, 79 y 93 d&#xED;as despu&#xE9;s de la emergencia (dde) usando la variedad Giacomo. El dise&#xF1;o experimental fue bloques al azar con cuatro repeticiones. Los trasplantes de 37 y 51 dde tuvieron el mismo comportamiento; es factible utilizar trasplantes de 65 dde, para reducir el per&#xED;odo de trasplante a cosecha en 28 d&#xED;as por ciclo. Los resultados en permiten establecer un sistema productivo de tres ciclos por a&#xF1;o con potencial de 33 kg m-2 a&#xF1;o-1, con tecnolog&#xED;a sencilla de bajo costo y con posibilidad de usarse por los productores de M&#xE9;xico.
</subfield>
  </datafield>
  <datafield tag="590" ind1=" " ind2=" ">
    <subfield code="a">ALEPH</subfield>
    <subfield code="b">10</subfield>
    <subfield code="c">20130110</subfield>
  </datafield>
  <datafield tag="590" ind1=" " ind2=" ">
    <subfield code="a">BATCH-UPD</subfield>
    <subfield code="b">10</subfield>
    <subfield code="c">20130110</subfield>
  </datafield>
  <datafield tag="590" ind1=" " ind2=" ">
    <subfield code="a">BATCH-UPD</subfield>
    <subfield code="b">10</subfield>
    <subfield code="c">20130410</subfield>
  </datafield>
  <datafield tag="590" ind1=" " ind2=" ">
    <subfield code="a">BATCH-UPD</subfield>
    <subfield code="b">10</subfield>
    <subfield code="c">20130914</subfield>
  </datafield>
  <datafield tag="590" ind1=" " ind2=" ">
    <subfield code="a">BATCH-UPD</subfield>
    <subfield code="b">10</subfield>
    <subfield code="c">20140324</subfield>
  </datafield>
  <datafield tag="590" ind1=" " ind2=" ">
    <subfield code="a">BATCH-UPD</subfield>
    <subfield code="b">10</subfield>
    <subfield code="c">20141002</subfield>
  </datafield>
  <datafield tag="590" ind1=" " ind2=" ">
    <subfield code="a">CONVERSION</subfield>
    <subfield code="b">10</subfield>
    <subfield code="c">20130109</subfield>
  </datafield>
  <datafield tag="650" ind1="1" ind2="4">
    <subfield code="a">Chile pimiento</subfield>
    <subfield code="x">Espaciamiento.</subfield>
    <subfield code="9">22478</subfield>
  </datafield>
  <datafield tag="650" ind1="1" ind2="4">
    <subfield code="a">Chile pimiento</subfield>
    <subfield code="x">Poda.</subfield>
    <subfield code="9">22485</subfield>
  </datafield>
  <datafield tag="650" ind1="1" ind2="4">
    <subfield code="a">Chile pimiento</subfield>
    <subfield code="x">Variedades.</subfield>
    <subfield code="9">22489</subfield>
  </datafield>
  <datafield tag="700" ind1="0" ind2=" ">
    <subfield code="a">Moreno P&#xE9;rez, Esau del Carmen</subfield>
    <subfield code="9">78678</subfield>
    <subfield code="4">Director de tesis.</subfield>
  </datafield>
  <datafield tag="856" ind1=" " ind2=" ">
    <subfield code="u">http://10.13.5.2/tesis/111574.pdf</subfield>
    <subfield code="z">DESCARGAR PDF</subfield>
  </datafield>
  <datafield tag="901" ind1=" " ind2=" ">
    <subfield code="a">BK</subfield>
  </datafield>
  <datafield tag="942" ind1=" " ind2=" ">
    <subfield code="c">TD</subfield>
    <subfield code="2">Clasificaci&#xF3;n Universidad Autonoma Chapingo</subfield>
  </datafield>
  <datafield tag="949" ind1=" " ind2=" ">
    <subfield code="a">Tesis</subfield>
    <subfield code="b">BC</subfield>
    <subfield code="c">TES</subfield>
    <subfield code="d">33724002222686</subfield>
    <subfield code="e">TS2</subfield>
    <subfield code="f">c.2</subfield>
    <subfield code="g">Donaci&#xD8;n</subfield>
    <subfield code="h">51501</subfield>
    <subfield code="i">111574</subfield>
    <subfield code="s">t</subfield>
  </datafield>
  <datafield tag="949" ind1=" " ind2=" ">
    <subfield code="a">Tesis</subfield>
    <subfield code="b">BC</subfield>
    <subfield code="c">TES</subfield>
    <subfield code="d">33724002222728</subfield>
    <subfield code="e">TS1</subfield>
    <subfield code="g">Donaci&#xD8;n</subfield>
    <subfield code="h">51500</subfield>
    <subfield code="i">111574</subfield>
    <subfield code="s">t</subfield>
  </datafield>
  <datafield tag="999" ind1=" " ind2=" ">
    <subfield code="c">99916</subfield>
    <subfield code="d">99916</subfield>
  </datafield>
  <datafield tag="952" ind1=" " ind2=" ">
    <subfield code="0">0</subfield>
    <subfield code="1">0</subfield>
    <subfield code="2">local</subfield>
    <subfield code="4">0</subfield>
    <subfield code="5">1</subfield>
    <subfield code="7">0</subfield>
    <subfield code="8">TesdigD</subfield>
    <subfield code="a">BD</subfield>
    <subfield code="b">BD</subfield>
    <subfield code="c">E_L</subfield>
    <subfield code="d">2019-12-31</subfield>
    <subfield code="l">0</subfield>
    <subfield code="o">Tesis digital</subfield>
    <subfield code="r">2019-12-31 00:00:00</subfield>
    <subfield code="w">2019-12-31</subfield>
    <subfield code="y">TD</subfield>
  </datafield>
</record>
